01626nam a22001097a 4500008004100000100004600041245006100087260003300148300003500181520126700216773003301483260421b ||||| |||| 00| 0 eng d a Flis, Jarosław and Kaminski, Marek M.  a Faulty votes: The hidden cost of PR election complexity aPolitical Research Quarterly a 78(4), Dec, 2025: p.1459-1473 aWe seek to assess how informational challenges in open-list proportional representation (OLPR) systems contribute to higher incidence of “faulty” votes compared to majoritarian systems. We define three types of faulty votes: spoilt votes and votes attributable to ballot primacy or list primacy effects. Using data from simultaneously held Polish OLPR and SMD local elections, we find significantly higher rates of faulty votes in OLPR systems than in SMD systems—an estimated 12.87% more eligible voters cast a faulty vote under OLPR. The difference is even more stark when calculated as a percentage of actual voters, with over 25% more faulty votes under OLPR. Our findings suggest that the increased complexity of OLPR systems leads to lower-quality votes. This “PR blow” is similar in magnitude but opposite in direction to the well-documented “PR boost” in turnout. We offer policy recommendations to mitigate faulty votes in OLPR systems, including simplifying ballots, using smaller districts, and randomizing candidate order.-Reproduced https://journals.sagepub.com/doi/full/10.1177/10659129251371059?_gl=1*u96msd*_up*MQ..*_ga*MjMzNjk2NTEzLjE3NzY 3NTE3ODE.*_ga_60R758KFDG*czE3NzY3NTE3ODAkbzEkZzEkdDE3NzY3NTE4MDQkajM2JGwwJGgyNTQ0NDIwNjg. aPolitical Research Quarterly